Gaming Quiz

Random Gaming Quiz

Moveset Quiz: Galvantula Stats

 Plays Quiz not verified by Sporcle

Challenge
Share
Tweet
Embed
Score 0/56 Timer 15:00
0 Plays Today
Move % Correct
Electroweb
100%
Thunder
100%
Thunder Wave
98.2%
Thunderbolt
98.2%
Bug Bite
96.4%
Bug Buzz
96.4%
String Shot
94.6%
Toxic
94.6%
Electro Ball
91.1%
Spider Web
89.3%
Rain Dance
87.5%
Flash
87.5%
X-Scissor
87.5%
Cut
87.5%
Slash
85.7%
Snore
85.7%
Sleep Talk
85.7%
Charge Beam
85.7%
Hyper Beam
83.9%
Protect
83.9%
Giga Impact
83.9%
Leech Life
82.1%
Fury Cutter
82.1%
Signal Beam
82.1%
Giga Drain
82.1%
Return
82.1%
Struggle Bug
82.1%
Light Screen
80.4%
Move % Correct
Frustration
80.4%
Double Team
80.4%
Rest
80.4%
Round
80.4%
Poison Jab
80.4%
Agility
78.6%
Attract
78.6%
Discharge
76.8%
Poison Sting
76.8%
Wild Charge
76.8%
Hidden Power
75%
Swagger
75%
Substitute
75%
Energy Ball
73.2%
Volt Switch
73.2%
Screech
71.4%
Magnet Rise
71.4%
Sucker Punch
69.6%
Bounce
69.6%
Facade
69.6%
Pin Missile
66.1%
Rock Climb
66.1%
Pursuit
64.3%
Faint Attack
64.3%
Gastro Acid
60.7%
Thief
55.4%
Disable
53.6%
Cross Poison
51.8%

You're not logged in!

Compare scores with friends on all Sporcle quizzes.
OR
Log In

You Might Also Like...

Show Comments

Extras

Created Aug 1, 2012ReportNominate
Tags:learn, manner, moveset

Top Quizzes Today


Score Distribution

Your Account Isn't Verified!

In order to create a playlist on Sporcle, you need to verify the email address you used during registration. Go to your Sporcle Settings to finish the process.

Report this User

Report this user for behavior that violates our Community Guidelines.

Details: